Omar the second caliph of Islam. (Record no. 542373)

000 -LEADER
fixed length control field 00780cam a22001691 4500
082 ## - DEWEY DECIMAL CLASSIFICATION NUMBER
Classification number 297.642
Author Mark FAZ
-- L31,P78
100 1# - MAIN ENTRY--PERSONAL NAME
Personal name Ahmad, Fazl.
9 (RLIN) 37392
245 10 - TITLE STATEMENT
Title Omar the second caliph of Islam.
250 ## - EDITION STATEMENT
Edition statement [Rev. ed.]
260 ## - PUBLICATION, DISTRIBUTION, ETC.
Place of publication, distribution, etc. Lahore,
Name of publisher, distributor, etc. Sh. Muhammad Ashraf,
Date of publication, distribution, etc. 1968.
300 ## - PHYSICAL DESCRIPTION
Extent 102p.
Dimensions 18 cm.
505 0# - FORMATTED CONTENTS NOTE
Formatted contents note v. 1. Muhammad, the prophet of Islam.--v. 2. Abu Bakr, the first caliph of Islam.--v. 3. Omar, the second caliph of Islam.--v. 4. Othman, the third caliph of Islam.--v. 5. Ali, the fourth caliph of Islam.--v. 6. Khalid bin Walid.--v. 7. Muhammad bin Qasim.--v. 8. Mahmood of Ghazni.--v. 9. Mohy-ud-Din Alamgir Aurangzeb.--v. 10. Sultan Tipu.
526 ## - STUDY PROGRAM INFORMATION NOTE
Program name 0
Interest level 0
Reading level 0
Title point value 297_642000000000000_FAZ
650 #0 - SUBJECT ADDED ENTRY--TOPICAL TERM
Topical term or geographic name entry element MCE
9 (RLIN) 379
650 #0 - SUBJECT ADDED ENTRY--TOPICAL TERM
Topical term or geographic name entry element OMAR,Islam
9 (RLIN) 37506
942 ## - ADDED ENTRY ELEMENTS (KOHA)
Source of classification or shelving scheme
Koha item type Book
Holdings
Withdrawn status Lost status Source of classification or shelving scheme Damaged status Not for loan Permanent Location Current Location Date acquired Total Checkouts Full call number Barcode Date last seen Date last checked out Price effective from Koha item type
          Military College of Engineering (MCE) Military College of Engineering (MCE) 11/18/2013 1 297.642 FAZ MCE-3031 12/10/2019 10/17/2019 11/18/2013 Book
© 2023 Central Library, National University of Sciences and Technology. All Rights Reserved.